Flags with Stars - Statistics

General Stats
  • This quiz has been taken 70 times
    16 since last reset
  • The average score is 40 of 60
Answer Stats
Picture Answer % Correct
Algeria
100%
Papua New Guinea
100%
Australia
83%
Comoros
83%
Cuba
83%
Dominica
83%
Ethiopia
83%
Kosovo
83%
Malaysia
83%
Morocco
83%
Nauru
83%
Nepal
83%
New Zealand
83%
Philippines
83%
Somalia
83%
Turkmenistan
83%
Venezuela
83%
Vietnam
83%
Zimbabwe
83%
Azerbaijan
67%
Burundi
67%
Cameroon
67%
Cape Verde
67%
Central African Republic
67%
China
67%
Democratic Republic of the Congo
67%
East Timor
67%
Ghana
67%
Grenada
67%
Guinea-Bissau
67%
Honduras
67%
Israel
67%
Jordan
67%
Liberia
67%
Libya
67%
Micronesia
67%
Panama
67%
Singapore
67%
St Kitts & Nevis
67%
Suriname
67%
Togo
67%
Tunisia
67%
Turkey
67%
Tuvalu
67%
Uzbekistan
67%
Angola
50%
Chile
50%
Mauritania
50%
Mozambique
50%
Myanmar
50%
North Korea
50%
Pakistan
50%
Sao Tome & Principe
50%
Solomon Islands
50%
Syria
50%
Tajikistan
50%
Burkina Faso
33%
Djibouti
33%
Samoa
33%
Senegal
33%
No matching quizzes found
Score Distribution
Percent of People with Each Score
Percentile by Number Answered
Your Score History
You have not taken this quiz since the last reset